[Event "St Petersburg Chigorin CC-ch"]
[Site "St Petersburg"]
[Date "2005.05.21"]
[Round "6"]
[White "Sivokho, Sergey V"]
[Black "Orlov, Vassily"]
[Result "1/2-1/2"]
[WhiteElo "2475"]
[BlackElo "2430"]
[PlyCount "87"]
[EventDate "2005.05.16"]
[EventType "swiss"]
[EventRounds "9"]
[EventCountry "RUS"]
[SourceTitle "EXT 2006"]
[Source "ChessBase"]
[SourceDate "2005.11.24"]
[SourceVersion "1"]
[SourceVersionDate "2005.11.24"]
[SourceQuality "1"]

1. e4 e5 2. Nf3 Nc6 3. Bb5 a6 4. Ba4 d6 5. 0-0 Bd7 6. d4 b5 7. Bb3 Nxd4 8. Nxd4 exd4 9. c3 d3 10. Qxd3 Nf6 11. Re1 Be7 12. Bf4 0-0 13. Nd2 Ng4 14. Nf3 Bf6 15. Rad1 Bc6 16. Nd4 Bd7 17. Nf3 Bc6 18. Bd5 Qd7 19. h3 Ne5 20. Bxe5 dxe5 21. Bxc6 Qxc6 22. Qd5 Qe8 23. b3 a5 24. Qb7 a4 25. Qxc7 Rc8 26. Qa5 Bd8 27. Qa7 axb3 28. axb3 Rxc3 29. Re3 Rc6 30. Red3 Bb6 31. Qb7 Qe6 32. Qd7 Rc2 33. R1d2 Rxd2 34. Nxd2 Qxd7 35. Rxd7 Rd8 36. Rb7 Bxf2+ 37. Kxf2 Rxd2+ 38. Ke3 Rd8 39. Rxb5 h6 40. b4 Rd4 41. h4 Kh7 42. h5 g6 43. hxg6+ Kxg6 44. Rxe5 1/2-1/2